00309nam a2200121Ia 4500008004100000082001500041100001800056245005900074250000900133260002900142300000800171650000800179191201s2005 xx 000 0 und d a658.3bBOB aBORESS, Allan 0aBest Practices in Personal Marketing for professionals aRep. aN.DelhibMacmillanc2005 a476 aMBA